00382nam a22001691 4500001000800000005001700008008004100025010001700066040001800083041000800101080001500109082001500124100000700139101000800146245002800154504003000182311535920180205081915.0731212s1967 pau b 000 0 eng  a 66025466  aDLCcDLCdDLC aeng a809.52 RAH00a809.52 RAH1 a21 aGJL14aThe world of melodrama. aBibliography: p. 315-325.